01009nam a22002177a 4500003000400000005001700004008004100021040000900062100002500071245019100096260001700287502017100304650001900475650002500494650003300519650002000552650004000572700003400612710008300646856006200729OSt20151026133603.0130718s2012 sp ||||| |||| 00| 0 spa d cCDMR1 aCros López, Rafael10aCobertura fotográfica y representación de la II Guerra Mundial en la prensa gráfica españolacRafael Cros López ; Félix del Valle Gastaminza (director)h[recurs electrònic] aMadridc2012 aTesi defensada el 7 de juny de 2012,cUniversidad Complutense de Madrid, Facultad de Ciencias de la Información, Departamento de Biblioteconomía y Documentación04aFotoperiodisme04aFotografia de guerra04aGuerra Mundial II, 1939-194504aPremsazEspanya04aTesis i dissertacions acadèmiques1 aValle Gastaminza, Félix del2 aUniversidad Complutense de Madridb-- Facultad de Ciencias de la Información40uhttp://eprints.ucm.es/16184/yDisponible en línia (UCM)